000 01481nam a2200241Ia 4500
003 Ost
005 20260507075324.0
008 260507s9999||||xx |||||||||||||| ||und||
040 _cfsecg
041 _aara
082 _a338.520965
100 _aخبابة، عبد الله
_eمؤلف
245 0 _aالسياسة السعرية في إطار العولمة الاقتصادية :
_bحالة الجزائر /
_c عبد الله خبابة
260 _aالاسكندرية:
_bمؤسسة الثقافة الجامعية,
_c2009
300 _a636 صفحة؛
_bإيضاحات ؛
_c25 سم
504 _aببليوغرافيا: ص.606
520 _aالسعر في النظرية الاقتصادية، مكونات السعر، النظام الاقتصادي المختلط و النظام الاقتصادي الرأسمالي و النظام الاقتصادي الاسلامي، تأثير العولمة على السياسة السعرية، ماهية العولمة، العولمة الاقتصادية و آثارها، السياسة السعرية في الجزائر و آفاقها في ظل العولمة، سياسة الأسعار في الجزائر، إصلاح السياسة السعرية و الاستراتيجية السعرية و آفاقها المستقبلية
653 _aالجزائر- السياسة النقدية
653 _aالسعر
653 _aالسياسة النقدية
653 _aالعولمة
942 _cكتاب
999 _c43955
_d43955